000 00602nam a2200205 a 4500
001 2008707
003 AM-YEHGA
005 20250617165021.0
008 250224s1922 un |||||||||||||||0|rus|d
040 _aAM-YeHGA
041 0 _arus
100 1 _aВаренцова, Ольга Афанасьевна
245 1 0 _aОбъединительный съезд РСДРП (1906 г.) /
_cО.А. Варенцова.
260 _aХарьков :
_bВРС У.В.О.,
_c1922.
300 _a73 с.
440 _aИз истории РКП
650 1 4 _aКПСС
942 _2udc
_cBK
090 _c572241
999 _c533247
_d533247